000
00318nam a22001337a 4500
008
171124b xxu||||| |||| 00| 0 eng d
020
_a
9780781795760
041
_a
eng
080
_2
7TH
_a
618.2
100
_a
2
101
_a
INF
245
_a
NURSES HANDBOOK OF HEALTH ASSESSMENT
_c
WEBER,J.R
942
_2
udc
_c
BK
999
_c
38438
_d
38438